| 000 | 00471nam a22001817a 4500 | ||
|---|---|---|---|
| 003 | OSt | ||
| 005 | 20180116183049.0 | ||
| 008 | 160727b xxu||||| |||| 00| 0 eng d | ||
| 020 | _a9781138013605 | ||
| 040 | _c0 | ||
| 082 | _a658.1592 VEG 2016 | ||
| 100 | _aGina Vega | ||
| 245 |
_aEntrepreneurial Finance : _bConcepts and Cases _cGina Vega |
||
| 260 |
_aNew York _bRoutledge _c2016 |
||
| 300 |
_a369 p. _bPB |
||
| 440 | _aEntrepreneurial Finance : | ||
| 942 |
_2ddc _cBK |
||
| 999 |
_c351574 _d351574 |
||